header

The transcendentalist (Record no. 2923)

MARC details
000 -LEADER
fixed length control field 00964nam a2200253Ia 4500
100 1# - MAIN ENTRY--AUTHOR NAME
Personal name Emerson, Ralph Waldo,
245 14 - TITLE STATEMENT
Title The transcendentalist
260 ## - PUBLICATION, DISTRIBUTION, ETC. (IMPRINT)
Place of publication Blacksburg, VA :
Name of publisher Virginia Tech,
Year of publication 2001.
300 ## - PHYSICAL DESCRIPTION
Number of Pages 13 p.
650 #0 - SUBJECT ADDED ENTRY--TOPICAL TERM
Topical Term Philosophy, American.
Topical Term American essays.
856 40 - ELECTRONIC LOCATION AND ACCESS
Uniform Resource Identifier http://site.ebrary.com/lib/rucke/Doc?id=5000656

No items available.

© 2026 Rongo University
Contact us: librarian | system librarian | Rongo university